00489nam a22001457a 4500020001800000082001800018100001600036245004500052260002800097300002500125650002700150942000700177999001700184952014200201 a9780262240451 a794.81526 KAT aKatie Salen aRules of play : game design fundamentals aLondonbMIT pressc2004 axiii, 672p. :e24 cm aComputer games--Design cBK c12832d12832 001040708NFICaCLbCLcGENd2014-04-27eGrace Booksg4605.85l2m1o794.81526 KATpSEECS013181r2016-08-08s2016-08-02w2014-04-27yBK